Southville International School and Colleges
Your cart is empty.
  • Cart
  • Lists
    Public lists Eva Luna New books Lux_list list_1
    Your lists Log in to create your own lists
  • Log in to your account
  • Your cookies
  • Search history
Southville International School and Colleges
  • Advanced search
  • Recent comments
  • Most popular
  • Libraries

Log in to your account

Log in with GOOGLE


If you do not have an external account, but do have a local account, you can still log in:

  1. Home
  2. MARC view: The day Martin Luther King, Jr., was shot /
Normal view MARC view ISBD view

The day Martin Luther King, Jr., was shot / (Record no. 35149)

[ view plain ]
MARC details
000 -LEADER
fixed length control field 00830nam a22002537a 4500
003 - CONTROL NUMBER IDENTIFIER
control field OSt
005 - DATE AND TIME OF LATEST TRANSACTION
control field 20140310184527.0
008 - FIXED-LENGTH DATA ELEMENTS--GENERAL INFORMATION
fixed length control field 131022t xxu||||| |||| 00| 0 eng d
020 ## - INTERNATIONAL STANDARD BOOK NUMBER
International Standard Book Number 0590436619
050 ## - LIBRARY OF CONGRESS CALL NUMBER
Classification number E 185.61
Item number .H374 1992
100 ## - MAIN ENTRY--PERSONAL NAME
Personal name Haskins, Jim.
9 (RLIN) 29088
245 ## - TITLE STATEMENT
Title The day Martin Luther King, Jr., was shot /
Statement of responsibility, etc Jim Haskins.
260 ## - PUBLICATION, DISTRIBUTION, ETC. (IMPRINT)
Place of publication, distribution, etc New York :
Name of publisher, distributor, etc Scholastic inc.,
Date of publication, distribution, etc 1992.
300 ## - PHYSICAL DESCRIPTION
Extent 96 p. :
Other physical details ill. ;
Dimensions 25 cm.
521 ## - TARGET AUDIENCE NOTE
Target audience note
526 ## - STUDY PROGRAM INFORMATION NOTE
Reading level 1140
650 ## - SUBJECT ADDED ENTRY--TOPICAL TERM
Topical term or geographic name as entry element King, Martin Luther, Jr., 1929-1968
General subdivision Juvenile literature.
9 (RLIN) 30321
650 ## - SUBJECT ADDED ENTRY--TOPICAL TERM
Topical term or geographic name as entry element African Americans
Form subdivision Civil rights
General subdivision Juvenile literature.
9 (RLIN) 30322
650 ## - SUBJECT ADDED ENTRY--TOPICAL TERM
Topical term or geographic name as entry element 20th century
General subdivision Juvenile literature.
9 (RLIN) 30323
650 ## - SUBJECT ADDED ENTRY--TOPICAL TERM
Topical term or geographic name as entry element Civil rights movements
Form subdivision United States
General subdivision History
9 (RLIN) 30324
942 ## - ADDED ENTRY ELEMENTS (KOHA)
Source of classification or shelving scheme Library of Congress Classification
Koha item type
Holdings
Withdrawn status Lost status Source of classification or shelving scheme Damaged status Home library Current library Shelving location Date acquired Total Checkouts Full call number Barcode Date last seen Copy number Price effective from Koha item type
    Library of Congress Classification   Luxembourg Library Luxembourg Library Scholastic Reading Center Section 10/22/2013   E 185.61 .H374 1992 SCHO0848 04/18/2017 1 10/22/2013 Books
    Library of Congress Classification   Luxembourg Library Luxembourg Library Scholastic Reading Center Section 10/22/2013   E 185.61 .H374 1992 SCHO0616 04/18/2017 2 10/22/2013 Books

The day Martin Luther King, Jr., was shot /

APA

Haskins J., . (1992). The day Martin Luther King, Jr., was shot. New York: Scholastic inc.

Chicago

Haskins Jim, . 1992. The day Martin Luther King, Jr., was shot. New York: Scholastic inc.

Harvard

Haskins J., . (1992). The day Martin Luther King, Jr., was shot. New York: Scholastic inc.

MLA

Haskins Jim, . The day Martin Luther King, Jr., was shot. New York: Scholastic inc. 1992.

  • Place hold
  • Print
  • Cite
  • Add to your cart (remove)
  • Save record
    BIBTEX Dublin Core MARCXML MARC (non-Unicode/MARC-8) MARC (Unicode/UTF-8) MARC (Unicode/UTF-8, Standard) MODS (XML) RIS
  • More searches
    Search for this title in:
    Other Libraries (WorldCat) Other Databases (Google Scholar) Online Stores (Bookfinder.com) Open Library (openlibrary.org)

Exporting to Dublin Core...

SOUTHVILLE LIBRARY

Southville International School and Colleges Library

1281 Tropical Ave. Cor. Luxembourg St., BF Homes International, Las Pinas City

Tel. No. 8256374 / 252358 Loc. 117/146

Powered by Koha